Ngân hàng câu hỏi kiểm tra đánh giá kiểu trắc nghiệm bộ môn Hóa hữu cơ
محفوظ في:
| المؤلف الرئيسي: | |
|---|---|
| التنسيق: | كتاب |
| منشور في: |
2010
|
| الوسوم: |
إضافة وسم
لا توجد وسوم, كن أول من يضع وسما على هذه التسجيلة!
|
| Thư viện lưu trữ: | Mạng thư viện Đại học Đà Nẵng |
|---|
| LEADER | 00750nam a2200229 4500 | ||
|---|---|---|---|
| 001 | 000021331 | ||
| 003 | 17778 | ||
| 005 | 20150417090420.0 | ||
| 008 | 150417s2010 sd | ||
| 100 | 1 | |a Phạm Thị Hà |e Chủ nhiệm đề tài | |
| 245 | 1 | 0 | |a Ngân hàng câu hỏi kiểm tra đánh giá kiểu trắc nghiệm bộ môn Hóa hữu cơ |c Phạm Thị Hà |
| 260 | |c 2010 | ||
| 500 | |a Đề tài NCKH cấp Trường Đại học Sư Phạm Đà Nẵng . Mã số : T2010-03- | ||
| OWN | |a LSP | ||
| 999 | |a From the UDN01 | ||
| TYP | |a Mixed Materials | ||
| TYP | |a Monograph | ||
| TYP | |a Printed language | ||
| 980 | |a Mạng thư viện Đại học Đà Nẵng | ||